Markets (Record no. 83846)

MARC details
000 -LEADER
fixed length control field 01175cab a22002055a 4500
001 - CONTROL NUMBER
control field L155286
008 - FIXED-LENGTH DATA ELEMENTS--GENERAL INFORMATION
fixed length control field 120314e2012 xxk 000 0 eng d
035 ## - SYSTEM CONTROL NUMBER
System control number (Sirsi) u155286
041 0# - LANGUAGE CODE
Language code of text/sound track or separate title eng
100 1# - MAIN ENTRY--PERSONAL NAME
Personal name Eade, Christine
245 00 - TITLE STATEMENT
Title Markets
Remainder of title East Midlands and Lincolnshire
260 ## - PUBLICATION, DISTRIBUTION, ETC.
Date of publication, distribution, etc. 2012
490 #0 - SERIES STATEMENT
Series statement Property Week
Volume/sequential designation 78(10) 9 March 2012, 57-66(5)
520 ## - SUMMARY, ETC.
Summary, etc. Nottingham's office and industrial property occupiers wary of workplace parking levy being introduced on 1 April 2012. Capital Shopping Centres awaits decision to refer or not its ownership of its 1.5m sq ft Broadmarsh shopping centre to the Competition Commission. Law firms are entering the Nottingham office market, taking over space vacated by a diminishing government presence. Leicester's Watermead Business Park will sign tenant to all-in rent at building designed to incorporate Passivhaus energy saving criteria. Consent given for new 75 348 sq ft Carlsberg brewery in Northampton. Siemens consolidates gas turbine overhaul facilities at Lincoln's Teal Park.
590 ## - LOCAL NOTE (RLIN)
Local note KA
651 #4 - SUBJECT ADDED ENTRY--GEOGRAPHIC NAME
Geographic name Lincolnshire
651 #4 - SUBJECT ADDED ENTRY--GEOGRAPHIC NAME
Geographic name East Midlands
690 ## - LOCAL SUBJECT ADDED ENTRY--TOPICAL TERM (OCLC, RLIN)
Topical term or geographic name as entry element Commercial property
9 (RLIN) 6227
942 ## - ADDED ENTRY ELEMENTS (KOHA)
Suppress in OPAC 0
Holdings
Withdrawn status Lost status Source of classification or shelving scheme Damaged status Not for loan Home library Current library Shelving location Date acquired Total Checkouts Full call number Barcode Date last seen Price effective from Koha item type
    Dewey Decimal Classification     London London Journal article 14/03/2012   L155286 155286-1001 06/08/2019 06/08/2019 Journal